| 000 | 004460000a22001690004500 | ||
|---|---|---|---|
| 003 | MACL | ||
| 005 | 20160105145636.0 | ||
| 008 | 160105b xxu||||| |||| 00| 0 eng d | ||
| 040 |
_aMACL _cMACL |
||
| 041 | _aEnglish | ||
| 082 | _a635/WOO | ||
| 100 |
_aWoodrow, G Marshall _928091 |
||
| 245 |
_aGardening in The Tropics _bGardening in India |
||
| 260 |
_bKent & Co Ltd _c1910 _aLondon |
||
| 650 |
_aGarden Crops _928092 |
||
| 942 |
_cBK _k635/WOO _2ddc |
||
| 999 |
_c38095 _d38095 |
||